000 00731nam a22002177a 4500
003 LK-CoMWRAF
005 20240212120630.0
008 230924b1971 |||||||| |||| 00| 0 eng d
020 _a0700700013
040 _aLK-CoMWRAF
_dLK-CoMWRAF
_eLK-CoMWRAF
041 _aeng
082 _a492.73
_bPEN
100 _aPenrice, John
245 _aA Dictionary and Glossary of the Koran, with copius grammatical references and explanations of the text
260 _a[London]:
_bCurzon press,
_c1971
300 _a viii, 166 p.; 27 cm
650 _aArabic language -- Dictionaries -- English
650 _aQurʾan -- Language, Style -- Dictionaries -- English
856 _uhttps://www.ghazali.org/books/penrise-1873.pdf
942 _cREF
999 _c3650
_d3650